| 000 | 00864nam a22001817a 4500 | ||
|---|---|---|---|
| 999 |
_c61178 _d61178 |
||
| 005 | 20231227121635.0 | ||
| 008 | 231227s2002 ru ||||| |||| 00| 0 rus d | ||
| 020 | _a5352001881 | ||
| 041 | _arus | ||
| 080 | _a392 C-66 | ||
| 245 |
_aСосуды тайн : _bТуалеты и урны в культурах народов мира / _cСоставители И. А. Алимов, А. Хисматулин. |
||
| 264 |
_aСанкт-Петербург : _bАзбука-Классика, _c2002. |
||
| 300 |
_a167 с.: _bил.; _c24 см. |
||
| 653 | _aტუალეტები და ნაგვის ურნები მსოფლიოს კულტურებში | ||
| 700 |
_aАлимов, И. _eშემდგენელი _920916 |
||
| 700 |
_aХисматулин, А. _eშემდგენელი _920917 |
||
| 942 |
_2udc _cᲬᲘᲒᲜᲘ |
||